Представление документа в формате RUSMARC

ПолеНазваниеЗначение
  Тип записи a
  Библиографический уровень m
001 Контрольный номер RU/SLIB/B/208757638
005 Дата корректировки 20201206204200.5
010 Индекс ISBN __
a ISBN 985-405-189-7
d Цена 30-00
100 Данные общей обработки __
a Данные общей обработки 19030822d2003 |||y0rusy0189 ca
101 Язык документа __
a Язык текста rus
102 Страна публикации __
a Страна публикации RU
105 Кодированные данные (монография) __
a Кодированные данные (монография) y z 000zy
200 Заглавие и сведения об ответственности __
a Заглавие Слово и судьба
f Первые сведения об ответственности ред.-сост. Л. И. Жук
b Общее обозначение материала Текст
210 Выходные данные __
a Место издания Минск
c Издательство Красико-Принт
d Дата издания 2003
215 Физическое описание __
a Объем 126 с.
225 Серия __
a Серия Праздник в школе
330 Аннотация __
a Аннотация Представлены композиции творческих вечеров, литературных гостиных по творчеству русских писателей. Для педагогов, библиотекарей, всех интересующихся.
600 Персоналии __
a Персоналии (Фамилия) Высоцкий, В. С.
600 Персоналии __
a Персоналии (Фамилия) Тютчев, Ф. И.
g Полное имя Федор Иванович
600 Персоналии __
a Персоналии (Фамилия) Ахматова, А. А.
600 Персоналии __
a Персоналии (Фамилия) Драгунский, В. Ю.
600 Персоналии __
a Персоналии (Фамилия) Толстой, А. Н.
600 Персоналии __
a Персоналии (Фамилия) Чарушин, Е. И.
600 Персоналии __
a Персоналии (Фамилия) Бедный, Д.
c Дополнение к имени Придворов, Е. А.
g Полное имя Демьян
600 Персоналии __
a Персоналии (Фамилия) Можаев, Б. А.
600 Персоналии __
a Персоналии (Фамилия) Чичибабин, Б. А.
606 Тематические рубрики __
a Основная рубрика Образование. Педагогика
606 Тематические рубрики __
a Основная рубрика Методика преподавания учебных предметов
610 Ключевые слова __
a Ключевые слова школьные праздники; сценарии; литературные вечера; литературоведение; русская литература; литературные композиции; игры; Серебряный век; поэты; писатели; прозаики; литературные сценарии; литературные кружки; школьные кружки; преподавание литературы
686 Индексы других классификаций __
a Классификационный индекс 74.268.39(=411.2); В74.26
702 Вторичная интеллектуальная ответственность _1
a Фамилия Жук
b Имя Л. И.
4 Код отношения Редактор-составитель
4 Код отношения 340
4 Код отношения 220
801 Источник записи _0
a Страна RU
b Организация Муниципальное бюджетное учреждение культуры "Централизованная библиотечная система" г. Сургут (Центральная городская библиотека им. А. С. Пушкина)
c Дата составления 20030822
g Правила каталогизации КиК/Котельникова
801 Источник записи _1
a Страна RU
b Организация Муниципальное бюджетное учреждение культуры "Централизованная библиотечная система" г. Сургут (Центральная городская библиотека им. А. С. Пушкина)
c Дата составления 20030822
g Правила каталогизации КиК/Котельникова
852 Данные о местонахождении __
j Шифр хранения 74.268.39(=411.2)
c Каталожный индекс 74.268.3
i Авторский знак С 48
p Инвентарный номер Б/Н
901 Тип документа __
t Тип документа m
903 Характеристики (МАРС) __
a Дата передачи 20041008
990 Данные о заказе (DOS) __
j Количество экземпляров (DOS) 5
h N записи в КСУ для Б/У (DOS) 200410